| 000 | 01019nam a22002657a 4500 | ||
|---|---|---|---|
| 005 | 20170123164151.0 | ||
| 010 | _aB-055187 | ||
| 020 | _a140.00 | ||
| 035 | _aB-055187 | ||
| 037 | _bCen Lib / Ret | ||
| 040 |
_aDPL _bPN |
||
| 082 |
_a854 _bਪੌਸਤੇ |
||
| 100 |
_aਪੌਸਤੇਟੋਵਸਕੀ _945600 |
||
| 245 |
_aਸੁਨਹਰਾ ਗੁਲਾਬ / _cਪੌਸਤੇਟੋਵਸਕੀ ; ਅਨੁਵਾਦਕ ਸੁਖਬੀਰ |
||
| 246 |
_aSunehra gulab / _bby Paustovsky ; translated by Sukhbir |
||
| 260 |
_aਲੁਧਿਆਣਾ _bਚੇਤਨਾ ਪ੍ਰਕਾਸ਼ਨ _c2001 |
||
| 270 |
_aਜਾਬੀ ਭਵਨ _bਲੁਧਿਆਣਾ |
||
| 300 |
_a188p. _c23cm(Hb) |
||
| 650 |
_aਸਾਹਿਤ -- ਪੰਜਾਬੀ _9126341 |
||
| 650 |
_aਪੰਜਾਬੀ- ਨਿਬੰਧ _9126342 |
||
| 650 |
_aLiterature -- Punjabi _9126343 |
||
| 650 |
_aPunjabi - Essays _9118968 |
||
| 700 |
_aਸੁਖਬੀਰ _9500 |
||
| 942 |
_2ddc _cPN _h854 _mਪੌਸਤੇ |
||
| 999 |
_c110365 _d110365 |
||